|
|
|
|
| LEADER |
01517nam a2200373 i 4500 |
| 001 |
EBC5409002 |
| 003 |
MiAaPQ |
| 005 |
20200122092508.0 |
| 006 |
m o d | |
| 007 |
cr cnu|||||||| |
| 008 |
200122s2018 xx o 000 0 ger d |
| 020 |
|
|
|a 9782808008570
|q (electronic bk.)
|
| 035 |
|
|
|a (MiAaPQ)EBC5409002
|
| 035 |
|
|
|a (Au-PeEL)EBL5409002
|
| 035 |
|
|
|a (OCoLC)1041038105
|
| 040 |
|
|
|a MiAaPQ
|b eng
|e rda
|e pn
|c MiAaPQ
|d MiAaPQ
|
| 050 |
|
4 |
|a HF5415.13
|b .P534 2018
|
| 082 |
0 |
|
|a 658.8
|2 23
|
| 100 |
1 |
|
|a Pichere, Pierre,
|e author.
|
| 245 |
1 |
4 |
|a Die Bedurfnispyramide :
|b Menschliche Bedurfnisse verstehen und einordnen /
|c Verfasst von Pierre Pichere ; In Zusammenarbeit mit Anne-Christine Cadiat ; Ubersetzt von Mareike Lobeck.
|
| 264 |
|
1 |
|a [Place of publication not identified] :
|b 50Minuten.de,
|c [2018]
|
| 264 |
|
4 |
|c 2018
|
| 300 |
|
|
|a 1 online resource (22 pages)
|
| 336 |
|
|
|a text
|b txt
|2 rdacontent
|
| 337 |
|
|
|a computer
|b c
|2 rdamedia
|
| 338 |
|
|
|a online resource
|b cr
|2 rdacarrier
|
| 588 |
|
|
|a Description based on print version record.
|
| 590 |
|
|
|a Electronic reproduction. Ann Arbor, MI : ProQuest, 2018. Available via World Wide Web. Access may be limited to ProQuest affiliated libraries.
|
| 650 |
|
0 |
|a Marketing
|x Management.
|
| 655 |
|
4 |
|a Electronic books.
|
| 700 |
1 |
|
|a Cadiat, Anne-Christine,
|e contributor.
|
| 700 |
1 |
|
|a Lobeck, Mareike,
|e translator.
|
| 797 |
2 |
|
|a ProQuest (Firm)
|
| 856 |
4 |
0 |
|u https://ebookcentral.proquest.com/lib/matrademy/detail.action?docID=5409002
|z Click to View
|